Pandemonium : (Record no. 1309181)

MARC details
000 -LEADER
fixed length control field 00484nam a22001697a 4500
005 - DATE AND TIME OF LATEST TRANSACTION
control field 20250419103429.0
008 - FIXED-LENGTH DATA ELEMENTS--GENERAL INFORMATION
fixed length control field 250419b |||||||| |||| 00| 0 eng d
020 ## - INTERNATIONAL STANDARD BOOK NUMBER
International Standard Book Number 9780745343303
040 ## - CATALOGING SOURCE
Original cataloging agency SDCL
Transcribing agency SDCL
041 ## - LANGUAGE CODE
Source of code eng
Language code of text/sound track or separate title eng
084 ## - COLON CLASSIFICATION NUMBER
Classification number X:(G:55)'P R0
100 ## - MAIN ENTRY--PERSONAL NAME
Personal name Mitropoulos, Angela
9 (RLIN) 752460
245 ## - TITLE STATEMENT
Title Pandemonium :
Remainder of title The proliferating borders of capital and the pandemic swerve
260 ## - PUBLICATION, DISTRIBUTION, ETC.
Place of publication, distribution, etc. London :
Name of publisher, distributor, etc. Pluto Press,
Date of publication, distribution, etc. 2020
300 ## - PHYSICAL DESCRIPTION
Extent 132p.
942 ## - ADDED ENTRY ELEMENTS (KOHA)
Source of classification or shelving scheme Colon Classification (CC)
Koha item type Textual
Suppress in OPAC No
Holdings
Withdrawn status Lost status Source of classification or shelving scheme Damaged status Not for loan Home library Current library Date acquired Total Checkouts Full call number Barcode Date last seen Price effective from Koha item type
    Colon Classification (CC)     South Campus Library South Campus Library 2025-04-19   X:(G:55)'P R0 SC1690626 2025-04-19 2025-04-19 Textual
Copyright @ Delhi University Library System